Miroslav Pius

Bibliographic Details
Main Authors: Pius, Miroslav, 1942- (Author), Halvoník, Alexander, 1945- (Author)
Format: Article
Language:Slovak
PhysicalDescription:Fotogr. 1
Subjects:

MARC

LEADER 00000nab a2200000 a 4500
001 vtls000498703
003 SK-MaSNL
005 20260303005012.0
008 120927c1993 xo 0 slo
015 |a SNBRB19rr/mm-uuuuu 
035 |a CL0498841 
040 |a SNKBUCL  |b slo  |c SNKBUCL  |e AACR2 
041 0 |a slo 
044 |a xo  |c SK 
080 |a 82:929:885.4  |2 1981 
080 |a 885.4  |2 1981 
100 1 |a Pius, Miroslav,  |d 1942-  |4 aut  |9 13714 
245 1 0 |a Miroslav Pius  |c Miroslav Pius, Alexander Halvoník 
300 |b Fotogr. 1 
500 |a Súčasťou rozhovoru ukážka z kn. Tri ženy 
600 1 7 |a Pius, Miroslav,  |d 1942-  |2 snkbucl  |9 13714 
655 7 |a články z novín a časopisov  |2 snkbucl  |9 267496 
655 7 |a články z odboru literárna veda a krásna literatúra  |2 snkbucl  |9 770045 
700 1 |a Halvoník, Alexander,  |d 1945-  |4 aut  |9 103645 
773 0 |t Knižná revue  |g Roč. 3, č. 18 (1993), s. 4 
850 |a Slovenská národná knižnica v Martine  |a MTA001 
852 |a SNK  |b KIS3GCP 
958 |a RK 
958 |a LX 
992 |a RBX 
999 |c 1580421  |d 1582351